000 00428nam a2200145Ia 4500
008 220217s9999||||xx |||||||||||||| ||und||
020 _a981-4066-419
082 _a005.73 NEI
100 _aNeil, Patrick, O Neil, Elizabeth, O
_93084
245 0 _aDatabase :principles programming performance
250 _a2nd
260 _aHarcourt asia ltd.
_bSingapore
_c2001
300 _b400
650 _aDATA FILES & DATABASE
_9695
999 _c170799
_d170799